Get Coding Learn HTML,CSS and JavaScript and Build a Website, app and Game (Record no. 12172)

MARC details
000 -LEADER
fixed length control field 00388nam a22001457a 4500
003 - CONTROL NUMBER IDENTIFIER
control field OSt
008 - FIXED-LENGTH DATA ELEMENTS--GENERAL INFORMATION
fixed length control field 240119b |||||||| |||| 00| 0 eng d
020 ## - INTERNATIONAL STANDARD BOOK NUMBER
International Standard Book Number 9781406366846
082 ## - DEWEY DECIMAL CLASSIFICATION NUMBER
Classification number 005.133
Item number YOG
100 ## - MAIN ENTRY--PERSONAL NAME
Personal name YOUNG REWARED STATE
245 ## - TITLE STATEMENT
Title Get Coding Learn HTML,CSS and JavaScript and Build a Website, app and Game
260 ## - PUBLICATION, DISTRIBUTION, ETC. (IMPRINT)
Place of publication, distribution, etc UK
Name of publisher, distributor, etc Walker Books
300 ## - PHYSICAL DESCRIPTION
Extent 207
942 ## - ADDED ENTRY ELEMENTS (KOHA)
Source of classification or shelving scheme Dewey Decimal Classification
Koha item type Reference Books
Holdings
Withdrawn status Lost status Source of classification or shelving scheme Damaged status Not for loan Collection code Home library Current library Date acquired Source of acquisition Currency Cost, normal purchase price Bill Number Total Checkouts Full call number Acc. no. / Barcode Date last seen Actual Cost, discounted price Bill Date Koha item type Date last borrowed
    Dewey Decimal Classification     Computer Science & Engineering in Cyber Security PIET C-LIBRARY PIET C-LIBRARY 13/01/2024 Zafaa Books and Distributors In rupees 1077.92 ZBD0323   005.133 YOG 35357 19/01/2024 808.44 13/01/2024 Reference Books  
    Dewey Decimal Classification     Computer Science & Engineering in Cyber Security PIET C-LIBRARY PIET C-LIBRARY 09/02/2024 Zafaa Books and Distributors In rupees 1077.92 ZBD0371 2 005.133 YOG 35483 06/05/2024 808.44 09/02/2024 Text Books 23/04/2024
    Dewey Decimal Classification     Computer Science & Engineering in Cyber Security PIET C-LIBRARY PIET C-LIBRARY 09/02/2024 Zafaa Books and Distributors In rupees 1077.92 ZBD0371 2 005.133 YOG 35484 29/03/2024 808.44 09/02/2024 Text Books 15/03/2024
    Dewey Decimal Classification     Computer Science & Engineering in Cyber Security PIET C-LIBRARY PIET C-LIBRARY 09/02/2024 Zafaa Books and Distributors In rupees 1077.92 ZBD0371 2 005.133 YOG 35485 03/04/2024 808.44 09/02/2024 Text Books 21/03/2024
    Dewey Decimal Classification     Computer Science & Engineering in Cyber Security PIET C-LIBRARY PIET C-LIBRARY 09/02/2024 Zafaa Books and Distributors In rupees 1077.92 ZBD0371 3 005.133 YOG 35486 18/06/2024 808.44 09/02/2024 Text Books 07/06/2024

Design & Developed by: PIET Central Library
R70 Miles Stone Pattikalyana Samalkha Panipat 132102
mail ID :- [email protected], Phone No:- 0180-2569700 Ex.216